000 00280nam a22001217a 4500
008 170613b xxu||||| |||| 00| 0 eng d
041 _aeng
080 _a32
100 _a19
101 _aSHP
245 _aWORLD CITIZEN A CTION FOR GLOBAL JUSTICE
_cDANIEL.A
942 _2udc
_cBK
999 _c17116
_d17116